100 Greatest Songs of All Time According to the RollingStone Magazine - Statistics

General Stats
  • This quiz has been taken 216 times
    185 since last reset
  • The average score is 33 of 100
Answer Stats
# Artist Answer % Correct
3 John Lennon Imagine
73%
8 The Beatles Hey Jude
69%
9 Nirvana Smells Like Teen Spirit
69%
49 The Eagles Hotel California
66%
31 Led Zeppelin Stairway to Heaven
65%
5 Aretha Franklin Respect
64%
2 The Rolling Stones (I Can't Get No) Satisfaction
62%
58 Micheal Jackson Billie Jean
60%
100 Gnarls Barkley Crazy
60%
85 Patsy Cline Crazy
60%
20 The Beatles Let It Be
58%
13 The Beatles Yesterday
57%
84 The Police Every Breath You Take
55%
67 Elvis Presley Jailhouse Rock
55%
89 The Mamas and The Papas California Dreamin
53%
19 Elvis Presley Hound Dog
53%
21 Bruce Springsteen Born to Run
50%
1 Bob Dylan Like a Rolling Stone
50%
6 The Beach Boys Good Vibrations
49%
48 Simon and Garfunkel Bridge Over Troubled Water
48%
27 Derek and the Dominos Layla
47%
95 Carl Perkins Blue Suede Shoes
46%
7 Chuck Berry Johnny B. Goode
46%
73 Stevie Wonder Superstition
44%
47 The Jimi Hendrix Experience All Along the Watchtower
43%
35 The Doors Light My Fire
42%
99 Creedence Clearwater Revival Fortunate Son
41%
87 Johnny Cash Ring of Fire
41%
96 Jerry Lee Lewis Great Balls of Fire
40%
15 The Clash London Calling
40%
37 Bob Marley No Woman No Cry
40%
36 U2 One
40%
17 The Jimi Hendrix Experience Purple Haze
40%
4 Marvin Gaye What's Going On
40%
29 The Beatles Help!
39%
43 Little Richard Tutti-Frutti
38%
52 Prince When Doves Cry
38%
88 The Tempatations My Girl
37%
56 The Sex Pistols Anarchy in the U.K.
36%
46 David Bowie Heroes
35%
11 The Who My Generation
35%
16 The Beatles I Want to Hold Your Hand
34%
76 The Beatles Strawberry Fields Forever
34%
32 The Rolling Stones Sympathy for the Devil
34%
80 The Kinks You Really Got Me
31%
14 Bob Dylan Blowin' in the Wind
30%
25 The Beach Boys God Only Knows
30%
60 Al Green Let's Stay Together
30%
45 Elvis Presley Heartbreak Hotel
29%
64 The Beatles She Loves You
29%
65 Cream Sunshine of Your Love
29%
42 The Kinks Waterloo Sunset
29%
75 Led Zeppelin Whole Lotta Love
29%
22 The Ronettes Be My Baby
28%
82 Fats Domino Blueberry Hill
28%
33 Ike and Tina Turner River Deep - Mountain High
28%
72 The Beach Boys California Girls
27%
30 Johnny Cash I Walk the Line
27%
57 Procol Harum Whiter Shade of Pale
27%
28 The Beatles A Day in the Life
26%
38 The Rollings Stones Gimme Shelter
26%
91 Elvis Presley Suspicious Minds
26%
94 Little Richard Good Golly, Miss Molly
25%
79 The Byrds Mr. Tambourine Man
25%
26 Otis Reading (Sittin' on) the Dock of the Bay
25%
53 Percy Sledge When a Man Loves a Woman
25%
81 Marvin Gaye I Heard It Through the Grapevine
24%
41 The Band The Weight
24%
69 Roy Orbison Crying
23%
93 U2 I Still Haven't Found What I'm Looking For
23%
92 The Ramones Blitzkrieg Bop
22%
62 Bo Diddley Bo Diddley
22%
54 The Kingsmen Louie Louie
21%
66 Bob Marley and the Wailers Redemption Song
21%
86 Bruce Springsteen Thunder Road
21%
70 Dionne Warwick Walk On By
21%
39 Buddy Holly and the Crickets That'll Be the Day
20%
51 Grandmaster Flash and the Furious Five The Message
20%
12 Sam Cooke A Change Is Gonna Come
19%
44 Ray Charles Georgia on My Mind
19%
97 Chuck Berry Roll Over Beethoven
19%
50 Smokey Robinson and the Miracles The Tracks of My Tears
19%
40 Martha Reeves and the Vandellas Dancing in the Streets
17%
23 The Beatles In My Life
17%
18 Chuck Berry Maybellene
17%
74 Eddie Cochran Summertime Blues
17%
10 Ray Charles What'd I Say
17%
34 The Righteous Brothers You've Lost That Lovin' Feelin
17%
68 Bob Dylan Tangled Up in Blue
16%
59 Bob Dylan The Times They Are A-Changin
16%
63 Buffalo Springfield For What It's Worth
15%
71 James Brown Papa's Got A Brand New Bag
14%
55 Little Richard Long Tall Sally
12%
78 James Brown I Got You (I Feel Good)
11%
98 Al Green Love and Happiness
11%
90 The Five Satins In the Still of the Night
10%
83 The Beatles Norwegian Wood (This Bird Has Flown)
10%
61 Jerry Lee Lewis Whole Lotta Shakin' Going On
10%
24 The Impressions People Get Ready
9%
77 Elvis Presley Mystery Train
5%
No matching quizzes found
Score Distribution
Percent of People with Each Score
Percentile by Number Answered
Your Score History
You have not taken this quiz since the last reset